[Event "Kremennaya Gerasimov Memorial"]
[Site "Kremennaya"]
[Date "2017.04.21"]
[Round "9"]
[White "Bakhmatsky, Vladislav"]
[Black "Piterbarg, Alexander"]
[Result "1-0"]
[WhiteElo "2446"]
[BlackElo "2037"]
[PlyCount "87"]
[EventDate "2017.04.13"]
[EventType "tourn"]
[EventRounds "9"]
[EventCountry "UKR"]
[EventCategory "2"]
[SourceTitle "CBM 177 Extra"]
[Source "ChessBase"]
[SourceDate "2017.04.27"]
[SourceVersion "1"]
[SourceVersionDate "2017.04.27"]
[SourceQuality "1"]

1. e4 e6 2. d4 d5 3. Nc3 Bb4 4. e5 c5 5. a3 Bxc3+ 6. bxc3 Ne7 7. Qg4 0-0 8. Bd3 Nbc6 9. Qh5 Nf5 10. Nf3 f6 11. g4 g6 12. Qh3 Ng7 13. Qh6 Ne8 14. h4 fxe5 15. Ng5 Qe7 16. h5 Qg7 17. hxg6 hxg6 18. Nh7 Qxh6 19. Rxh6 Rf7 20. Bxg6 Rg7 21. Bxe8 Rxh7 22. Rxh7 Kxh7 23. Bxc6 bxc6 24. dxe5 Ba6 25. Be3 Rf8 26. Kd2 d4 27. Rh1+ Kg6 28. cxd4 cxd4 29. Bxd4 Rf4 30. Ke3 Rxg4 31. Rh8 Bb5 32. Rg8+ Kh5 33. Rxg4 Kxg4 34. Bxa7 Kg5 35. Kd4 Kf5 36. c3 Kf4 37. Bc5 Kf3 38. c4 Ba6 39. a4 Kxf2 40. a5 Ke2 41. Bd6 Kf3 42. Kc5 Ke4 43. Kxc6 Bxc4 44. Kb6 1-0

[Event "Kremennaya Gerasimov Memorial"]
[Site "Kremennaya"]
[Date "2017.04.16"]
[Round "4"]
[White "Piterbarg, Alexander"]
[Black "Sitnikov, Anton"]
[Result "0-1"]
[WhiteElo "2037"]
[BlackElo "2438"]
[PlyCount "70"]
[EventDate "2017.04.13"]
[EventType "tourn"]
[EventRounds "9"]
[EventCountry "UKR"]
[EventCategory "2"]
[SourceTitle "CBM 177 Extra"]
[Source "ChessBase"]
[SourceDate "2017.04.27"]
[SourceVersion "1"]
[SourceVersionDate "2017.04.27"]
[SourceQuality "1"]

1. d4 d5 2. c4 dxc4 3. e4 Nc6 4. Nf3 Bg4 5. d5 Ne5 6. Bf4 Ng6 7. Be3 Nf6 8. Nc3 e5 9. Bxc4 a6 10. Be2 Bd6 11. Nd2 Bd7 12. 0-0 0-0 13. a3 Qe7 14. b4 Nf4 15. Nc4 Nxe2+ 16. Qxe2 Ng4 17. Rac1 Qh4 18. h3 Nxe3 19. Qxe3 f5 20. Nxd6 f4 21. Qf3 cxd6 22. Rc2 g5 23. Rfc1 Rf6 24. Ne2 Raf8 25. Nc3 g4 26. g3 Qh5 27. Qe2 Qxh3 28. Qf1 Qxf1+ 29. Rxf1 fxg3 30. Kg2 Rf3 31. Rcc1 gxf2 32. Nd1 g3 33. Rc3 Bg4 34. Ne3 h5 35. a4 h4 0-1

[Event "Kremennaya Gerasimov Memorial"]
[Site "Kremennaya"]
[Date "2017.04.14"]
[Round "2"]
[White "Piterbarg, Alexander"]
[Black "Gutsko, Nikolai"]
[Result "0-1"]
[WhiteElo "2037"]
[BlackElo "2165"]
[PlyCount "60"]
[EventDate "2017.04.13"]
[EventType "tourn"]
[EventRounds "9"]
[EventCountry "UKR"]
[EventCategory "2"]
[SourceTitle "CBM 177 Extra"]
[Source "ChessBase"]
[SourceDate "2017.04.27"]
[SourceVersion "1"]
[SourceVersionDate "2017.04.27"]
[SourceQuality "1"]

1. d4 d5 2. Bg5 h6 3. Bh4 c6 4. Nf3 Qb6 5. Qc1 g5 6. Bg3 g4 7. Ne5 Qxd4 8. c4 Bg7 9. e3 Qc5 10. Nd2 Nf6 11. cxd5 Qxc1+ 12. Rxc1 Nxd5 13. e4 Nb6 14. Be2 h5 15. Nd3 Na4 16. Rc2 Na6 17. a3 Be6 18. b4 Nc3 19. Nf4 Nc7 20. Nxh5 Rxh5 21. Bxc7 Rc8 22. Bg3 a5 23. Bf4 axb4 24. axb4 Ra8 25. Rc1 Nxe2 26. Kxe2 Ra2 27. Be3 Rb5 28. h4 Rxb4 29. h5 Rxe4 30. h6 Bh8 0-1

[Event "Kremennaya Gerasimov Memorial"]
[Site "Kremennaya"]
[Date "2017.04.13"]
[Round "1"]
[White "Piterbarg, Alexander"]
[Black "Poliakov, Vladimir"]
[Result "0-1"]
[WhiteElo "2037"]
[BlackElo "2418"]
[PlyCount "56"]
[EventDate "2017.04.13"]
[EventType "tourn"]
[EventRounds "9"]
[EventCountry "UKR"]
[EventCategory "2"]
[SourceTitle "CBM 177 Extra"]
[Source "ChessBase"]
[SourceDate "2017.04.27"]
[SourceVersion "1"]
[SourceVersionDate "2017.04.27"]
[SourceQuality "1"]

1. f4 d5 2. Nf3 Nf6 3. e3 Bg4 4. b3 Nbd7 5. Bb2 c6 6. Be2 Bxf3 7. Bxf3 Qc7 8. d4 Ne4 9. Nd2 f5 10. Nxe4 dxe4 11. Bh5+ g6 12. 0-0 Bg7 13. Be2 0-0-0 14. Qe1 Kb8 15. b4 e6 16. a4 h6 17. a5 g5 18. a6 b6 19. c4 gxf4 20. Rxf4 h5 21. Ra3 Bf6 22. Kh1 h4 23. Rf1 Rhg8 24. c5 b5 25. Qf2 Rdf8 26. Bd1 Bg5 27. Bb3 Rg6 28. Qg1 Rfg8 0-1